| 000 | 00875nam a22002657a 4500 | ||
|---|---|---|---|
| 001 | 7698 | ||
| 003 | FISKH | ||
| 005 | 20250731131522.0 | ||
| 008 | 250731b cb ||||| |||| 00| 0 eng d | ||
| 040 |
_aFISKH _beng _cFISKH _dFISKH |
||
| 050 | _aBF723.S3 | ||
| 082 | _a155.2 | ||
| 100 | _aWilt, Joy | ||
| 245 |
_aYou're all right / _cJoy Wilt ; illustrations by Ernie Hergenroeder |
||
| 260 |
_aTexas ; _bEducational Products Division, _c1979. |
||
| 300 |
_a127 pages : _bcolor illustrations ; _c22 cm |
||
| 505 | _aE | ||
| 520 | _aBuilds a positive self-concept within a child by affirming his or her membership in the human family. | ||
| 521 | 8 |
_a160
_bLexile estimate |
|
| 521 | 8 |
_aE
_bRaz-Plus |
|
| 650 |
_aCharacter Development _vHuman similarities _xchildren's |
||
| 700 |
_aHergenroeder, Ernie _eillustrator |
||
| 942 |
_2ddc _cBK _n0 |
||
| 999 |
_c7698 _d7698 |
||